El manual del dictador : por qué la mala conducta es casi siempre buena política /
Explains the theory of political survival, particularly in cases of dictators and despotic governments, arguing that political leaders seek to stay in power using any means necessary, most commonly by attending to the interests of certain coalitions.
Enregistré dans:
| Auteurs principaux: | , |
|---|---|
| Autres auteurs: | |
| Format: | Électronique eBook |
| Langue: | espagnol anglais |
| Publié: |
Madrid :
Siruela,
mayo de 2013.
|
| Édition: | Edición en formato digital. |
| Collection: | Ojo del tiempo ;
73. |
| Sujets: | |
| Accès en ligne: | Digitalia Hispánica |
| Tags: |
Ajouter un tag
Pas de tags, Soyez le premier à ajouter un tag!
|
MARC
| LEADER | 00000nam a2200000Ii 4500 | ||
|---|---|---|---|
| 001 | DIGSIRLA0174 | ||
| 003 | NyNyDIG | ||
| 008 | 160411t20132013sp ob 000 0 spa d | ||
| 006 | m o d | ||
| 007 | cr ||||||||||| | ||
| 035 | |a (OCoLC)946560670 | ||
| 040 | |a DGITA |b eng |e rda |e pn |c DGITA | ||
| 020 | |a 9788415803751 |q (eBook ; |q ePub) | ||
| 020 | |a 8415803753 |q (eBook ; |q ePub) | ||
| 020 | |a 9788415803768 |q (eBook ; |q Kindle) | ||
| 020 | |a 8415803761 |q (eBook ; |q Kindle) | ||
| 020 | |z 9788415803126 | ||
| 020 | |z 8415803125 | ||
| 041 | 1 | |a spa |h eng | |
| 050 | 1 | 4 | |a JC330.3 eBook |
| 082 | 0 | 4 | |a 303.34 |2 23 |
| 100 | 1 | |a Bueno de Mesquita, Bruce, |d 1946- |e author. | |
| 240 | 1 | 0 | |a Dictator's handbook. |l Spanish |
| 245 | 1 | 3 | |a El manual del dictador : |b por qué la mala conducta es casi siempre buena política / |c Bruce Bueno de Mesquita, Alastair Smith ; traducción del inglés de María Condor. |
| 250 | |a Edición en formato digital. | ||
| 264 | 1 | |a Madrid : |b Siruela, |c mayo de 2013. | |
| 264 | 4 | |c ©2013 | |
| 300 | |a 1 online resource. | ||
| 336 | |a text |b txt |2 rdacontent | ||
| 337 | |a computer |b c |2 rdamedia | ||
| 338 | |a online resource |b cr |2 rdacarrier | ||
| 490 | 1 | |a El ojo del tiempo ; |v 73 | |
| 504 | |a Includes bibliographical references. | ||
| 520 | |a Explains the theory of political survival, particularly in cases of dictators and despotic governments, arguing that political leaders seek to stay in power using any means necessary, most commonly by attending to the interests of certain coalitions. | ||
| 588 | 0 | |a Online resource; title from ePub title page (Digitalia, viewed April 15, 2016) | |
| 650 | 0 | |a Political leadership |x Philosophy. | |
| 650 | 0 | |a Power (Social sciences) | |
| 650 | 0 | |a Political corruption. | |
| 655 | 0 | |a Electronic books. | |
| 700 | 1 | |a Smith, Alastair, |d 1967- |e author. | |
| 700 | 1 | |a Cóndor Orduña, María, |e translator. | |
| 700 | 1 | |i Translation of: |a Bueno de Mesquita, Bruce, |d 1946- |t Dictator's handbook. | |
| 791 | 2 | |a Digitalia (Firm), |e distributor. | |
| 793 | 0 | |g Digitalia eBook Collection: |a Siruela | |
| 776 | 0 | 8 | |i Print version: |a Bueno de Mesquita, Bruce, 1946- |s Dictator's handbook. Spanish. |t Manual del dictador. |d Madrid : Siruela, [2013] |z 9788415803126 |
| 830 | 0 | |a Ojo del tiempo ; |v 73. | |
| 856 | 4 | 0 | |3 Digitalia Hispánica |u https://digitalia.unach.elogim.com/a/31893/ |
| 910 | |a Premium Collection: 2016 | ||